000 01098cam a22002531i 4500
003 SA-RiAUC
005 20260415122640.0
008 260414s1994 io g f000a0bara c
040 _aSA-JeALM
_bara
_cSA-RiAUC
_erda
082 0 4 _a239.7
090 _a239.7
_bح س ن
100 1 _aالحسني المكي، اسحاق بن عقيل بن محمد هاشم عزوز .
_d1330 - 1415 هـ
_eمؤلف.
245 1 2 _aأطيب الذكرى في مناقب وأخبار خديجة الكبرى /
_cالشيخ اسحاق عزوز.
250 _aالطبعة الاولى.
264 1 _a[مكان النشر غير محدد] :
_b[الناشر غير محدد]،
_b[اسحاق عزوز]،
_c1998
300 _a64 صفحة
_c16 سم.
336 _aنص
_btxt
_2rdacontent
_3كتاب
337 _aبدون وسيط
_bn
_2rdamedia
600 1 7 _aأم المؤمنين، خديجة بنت خويلد بن أسد،
_d68-3 قبل الهجرة
_2aucnm
650 7 _aزوجات النبي
_2aucsh
942 _2ddc
_cBOOK
_n0
949 _aSA-JeALM
_d260414
_uosman123
_n1
999 _c14780
_d14780